[Event "M.Chigorin Memorial 2017 "]
[Site "?????-?????????"]
[Date "2017.10.23"]
[Round "3"]
[Board "116"]
[White "Volkov, Roman"]
[Black "Vasilenko, Ekaterina"]
[Result "1-0"]
[WhiteElo "2165"]
[BlackElo "1806"]
[PlyCount "153"]
[EventDate "2017.10.21"]
[EventRounds "9"]
[EventCountry "RUS"]

1. e4 e6 2. d4 d5 3. e5 c5 4. c3 Qb6 5. Nf3 Nc6 6. a3 Nh6 7. b4 cxd4 8. Bxh6
gxh6 9. cxd4 Bd7 10. Ra2 Rc8 11. Rc2 a6 12. Be2 Bg7 13. Nc3 Ne7 14. Na4 Bxa4
15. Rxc8+ Nxc8 16. Qxa4+ Ke7 17. O-O f6 18. exf6+ Bxf6 19. Qc2 Nd6 20. Ne5 Nf5
21. Rd1 Nxd4 22. Rxd4 Bxe5 23. Rh4 Qc7 24. Qb1 Bg7 25. Rh3 Qe5 26. Bf1 Qb2 27.
Qd3 Rf8 28. Qg3 Qe5 29. Qg4 Rf4 30. Qd1 Qb2 31. Rf3 Qf6 32. Rg3 Qb2 33. Rf3
Rxf3 34. Qxf3 Qf6 35. Qd3 Qf5 36. Qe3 d4 37. Qg3 Be5 38. Qh4+ Bf6 39. Qxh6 e5
40. Qc1 e4 41. Qc7+ Qd7 42. Qc5+ Qd6 43. Qf5 Qe5 44. Qxh7+ Bg7 45. Qh4+ Bf6 46.
Qh7+ Bg7 47. Qh3 d3 48. Qe3 Qd4 49. g3 Qxe3 50. fxe3 Kd6 51. Kf2 b5 52. Bh3 Bb2
53. Bc8 Bxa3 54. Bxa6 Kc6 55. h4 Bxb4 56. g4 Bc3 57. g5 b4 58. Bc4 Kd6 59. h5
Ke7 60. h6 Be5 61. g6 Kf8 62. Bd5 Bf6 63. g7+ Bxg7 64. hxg7+ Kxg7 65. Bxe4 Kf6
66. Bxd3 Ke5 67. Kf3 b3 68. Bc4 b2 69. Bd3 Kd5 70. Kf4 Kd6 71. Kf5 Ke7 72. Ke5
Kd8 73. Kf6 Ke8 74. Ke6 Kd8 75. e4 Ke8 76. e5 Kf8 77. Kd7  1-0

[Event "M.Chigorin Memorial 2017 "]
[Site "?????-?????????"]
[Date "2017.10.23"]
[Round "3"]
[Board "117"]
[White "Vunder, Andrey"]
[Black "Vasilyev, Alexey"]
[Result "1/2-1/2"]
[WhiteElo "2161"]
[BlackElo "1794"]
[PlyCount "54"]
[EventDate "2017.10.21"]
[EventRounds "9"]
[EventCountry "RUS"]

1. d4 Nf6 2. Nf3 d5 3. Bf4 e6 4. e3 Be7 5. c4 O-O 6. Nc3 b6 7. cxd5 exd5 8. Bd3
a6 9. O-O Bb7 10. Rc1 Nbd7 11. Ne5 c5 12. Qf3 Re8 13. Rfd1 cxd4 14. exd4 b5 15.
a4 b4 16. Nb1 Nf8 17. Nc6 Bxc6 18. Rxc6 Qd7 19. Rdc1 Rec8 20. Rc7 Rxc7 21. Rxc7
Qd8 22. Rc1 Ne6 23. Be5 Nd7 24. Bg3 Nf6 25. Be5 Nd7 26. Bg3 Nf6 27. Be5 Nd7
 1/2-1/2

[Event "M.Chigorin Memorial 2017 "]
[Site "?????-?????????"]
[Date "2017.10.23"]
[Round "3"]
[Board "118"]
[White "Thrish, Karthik"]
[Black "Mkrtchyan, Sargis R."]
[Result "0-1"]
[WhiteElo "1843"]
[BlackElo "2145"]
[PlyCount "74"]
[EventDate "2017.10.21"]
[EventRounds "9"]
[EventCountry "RUS"]

1. e4 e5 2. Nf3 Nc6 3. Bc4 Nf6 4. d4 exd4 5. O-O Bc5 6. e5 d5 7. exf6 dxc4 8.
fxg7 Rg8 9. Re1+ Be6 10. Ng5 Qd5 11. Rxe6+ fxe6 12. Qh5+ Kd7 13. Qf7+ Be7 14.
Bf4 Ne5 15. Bxe5 Qxe5 16. Nf3 Qxg7 17. Qxg7 Rxg7 18. Nbd2 c5 19. Nxc4 Bf6 20.
Re1 b5 21. Nce5+ Bxe5 22. Rxe5 Rf8 23. Kf1 Rf5 24. Rxf5 exf5 25. g3 Ke6 26. h4
h6 27. Ne1 c4 28. Ke2 f4 29. gxf4 Kf5 30. Nf3 Ke4 31. Nd2+ Kxf4 32. a4 Re7+ 33.
Kf1 c3 34. bxc3 dxc3 35. Nb1 b4 36. h5 Kf3 37. a5 a6  0-1

[Event "M.Chigorin Memorial 2017 "]
[Site "?????-?????????"]
[Date "2017.10.23"]
[Round "3"]
[Board "119"]
[White "Ufimtsev, Egor"]
[Black "Pankova, Julia"]
[Result "1/2-1/2"]
[WhiteElo "2143"]
[BlackElo "1785"]
[PlyCount "90"]
[EventDate "2017.10.21"]
[EventRounds "9"]
[EventCountry "RUS"]

1. Nf3 c5 2. c4 Nc6 3. Nc3 e5 4. g3 g6 5. Bg2 Bg7 6. O-O Nge7 7. Ne1 O-O 8. d3
d6 9. Nc2 Be6 10. Ne3 h6 11. Ned5 f5 12. Rb1 Kh7 13. a3 Qd7 14. b4 f4 15. bxc5
dxc5 16. Rb5 f3 17. exf3 Nd4 18. Rxc5 Nec6 19. Nb5 b6 20. Nxd4 Nxd4 21. Rc7 Qd8
22. Qd2 g5 23. Qe3 Bxd5 24. Rxg7+ Kxg7 25. Qxe5+ Qf6 26. Qxd5 Rad8 27. Qe4 Rfe8
28. Qg4 Ne2+ 29. Kh1 Nxc1 30. Rxc1 Rxd3 31. f4 Qd4 32. Bd5 Qf6 33. Qd7+ Re7 34.
Qc8 Qf8 35. Qg4 Qf6 36. a4 Qb2 37. Rf1 Qe2 38. Qxe2 Rxe2 39. fxg5 hxg5 40. Bc6
Rc3 41. Bb5 Rec2 42. Kg2 Rc1 43. Rxc1 Rxc1 44. h4 gxh4 45. gxh4 Kf6  1/2-1/2

[Event "M.Chigorin Memorial 2017 "]
[Site "?????-?????????"]
[Date "2017.10.23"]
[Round "3"]
[Board "120"]
[White "Don, Aleksandr"]
[Black "Golikov, Daniil"]
[Result "0-1"]
[WhiteElo "1793"]
[BlackElo "2138"]
[PlyCount "114"]
[EventDate "2017.10.21"]
[EventRounds "9"]
[EventCountry "RUS"]

1. d4 Nf6 2. c4 c6 3. Nc3 d5 4. cxd5 cxd5 5. Bf4 Nc6 6. e3 e6 7. Nf3 Be7 8. Bd3
Nh5 9. Be5 Nxe5 10. Nxe5 Nf6 11. Bb5+ Kf8 12. O-O g6 13. Rc1 Kg7 14. a3 a6 15.
Bd3 Ne8 16. b4 f6 17. Nf3 b5 18. Qb3 Nd6 19. e4 dxe4 20. Nxe4 Nxe4 21. Bxe4 Ra7
22. Rfd1 Bd6 23. g3 Qe7 24. Ne1 f5 25. Bg2 e5 26. dxe5 Bxe5 27. Nd3 Be6 28. Bd5
Bxd5 29. Qxd5 Bf6 30. Nc5 Re8 31. Rd3 f4 32. gxf4 Qe2 33. Qf3 a5 34. bxa5 Bh4
35. a6 Kh8 36. Rcd1 Qc2 37. Rc3 Qa2 38. Re3 Rf8 39. Qe2 Qf7 40. Rd4 Rc8 41. Ne6
Bf6 42. Rd6 Rb8 43. Ng5 Qf8 44. Rde6 Kg7 45. Rc6 Kh8 46. Ree6 Bg7 47. Qe3 Rba8
48. Qh3 Bd4 49. Qf3 Rd7 50. h4 Rad8 51. h5 gxh5 52. Rh6 Qf5 53. Qxh5 Bxf2+ 54.
Kg2 Be3 55. Nf3 Rd2+ 56. Kg3 Rg8+ 57. Ng5 Qxf4+  0-1

[Event "M.Chigorin Memorial 2017 "]
[Site "?????-?????????"]
[Date "2017.10.23"]
[Round "3"]
[Board "121"]
[White "Ivanov, Platon-Jaan"]
[Black "Shilnikov, Igor S."]
[Result "1-0"]
[WhiteElo "2134"]
[BlackElo "1762"]
[PlyCount "61"]
[EventDate "2017.10.21"]
[EventRounds "9"]
[EventCountry "RUS"]

1. d4 Nf6 2. c4 e6 3. g3 c5 4. Nf3 cxd4 5. Nxd4 Qb6 6. Bg2 Bc5 7. e3 Bb4+ 8.
Bd2 Nc6 9. O-O Nxd4 10. exd4 Bxd2 11. Qxd2 d6 12. Nc3 Bd7 13. h3 Rc8 14. b3 O-O
15. g4 Bc6 16. d5 exd5 17. Nxd5 Nxd5 18. Bxd5 Bxd5 19. Qxd5 Rc5 20. Qd4 Qc6 21.
Rad1 Rd8 22. Rfe1 h5 23. Re7 Qc8 24. Qf4 f6 25. Rxd6 Rxd6 26. Qxd6 Re5 27. Rd7
Re1+ 28. Kg2 Qc6+ 29. Qxc6 bxc6 30. Rxa7 hxg4 31. hxg4  1-0

[Event "M.Chigorin Memorial 2017 "]
[Site "?????-?????????"]
[Date "2017.10.23"]
[Round "3"]
[Board "122"]
[White "Shirshov, Nikolay"]
[Black "Khlopushin, Dmitriy"]
[Result "1-0"]
[WhiteElo "2134"]
[BlackElo "1668"]
[PlyCount "85"]
[EventDate "2017.10.21"]
[EventRounds "9"]
[EventCountry "RUS"]

1. d4 d5 2. c4 e6 3. Nf3 Nf6 4. Bg5 Be7 5. Nc3 O-O 6. e3 Nbd7 7. Bd3 a6 8. cxd5
exd5 9. Qc2 h6 10. Bf4 c5 11. h3 b5 12. g4 b4 13. Ne2 Qa5 14. O-O Re8 15. Ng3
c4 16. Bf5 Nf8 17. Be5 Bxf5 18. Nxf5 N8d7 19. Kh1 Nxe5 20. Nxe5 Bf8 21. Rg1 Ne4
22. f3 Ng5 23. h4 Rxe5 24. hxg5 Re6 25. gxh6 g6 26. f4 Kh8 27. g5 gxf5 28. Qxf5
Bxh6 29. Qxf7 Qb6 30. f5 Rxe3 31. Qh5 Rg8 32. f6 Qc7 33. Rg4 Rg6 34. Rf1 Qf7
35. gxh6 Qe6 36. f7 Rxg4 37. f8=Q+ Rg8 38. Qf6+ Qxf6 39. Rxf6 Re1+ 40. Kh2 Rgg1
41. Rf8+ Kh7 42. Qf5+ Kxh6 43. Qf6+  1-0

[Event "M.Chigorin Memorial 2017 "]
[Site "?????-?????????"]
[Date "2017.10.23"]
[Round "3"]
[Board "123"]
[White "Fedorov, Ivan"]
[Black "Kamnev, Alexander"]
[Result "0-1"]
[WhiteElo "1745"]
[BlackElo "2132"]
[PlyCount "78"]
[EventDate "2017.10.21"]
[EventRounds "9"]
[EventCountry "RUS"]

1. d4 d5 2. Nd2 Nf6 3. g3 e6 4. Bg2 c5 5. Ngf3 Nc6 6. O-O cxd4 7. Nb3 e5 8. Ne1
Be7 9. f4 e4 10. h3 h5 11. Nxd4 Bc5 12. c3 Bxd4+ 13. cxd4 Ne7 14. f5 Nxf5 15.
Bf4 Qb6 16. e3 Bd7 17. Rf2 Rc8 18. Bf1 Rc6 19. Rc1 Rxc1 20. Qxc1 O-O 21. Qd1
Rc8 22. g4 hxg4 23. hxg4 Nxe3 24. Bxe3 Nxg4 25. Re2 Nxe3 26. Rxe3 Qxb2 27. Re2
Qc3 28. Rh2 g6 29. Kh1 Qg3 30. Rg2 Qe3 31. Nc2 Qc3 32. Ne1 Qc1 33. Qe2 Qa1 34.
Rg1 Qxd4 35. Rg3 a6 36. Kh2 Rc1 37. Nc2 Qh8+ 38. Bh3 Bxh3 39. Rxh3 Qb2  0-1

[Event "M.Chigorin Memorial 2017 "]
[Site "?????-?????????"]
[Date "2017.10.23"]
[Round "3"]
[Board "124"]
[White "Krasovskiy, Sviatoslav"]
[Black "Kobozev, Aleksandr"]
[Result "1-0"]
[WhiteElo "2128"]
[BlackElo "1554"]
[PlyCount "87"]
[EventDate "2017.10.21"]
[EventRounds "9"]
[EventCountry "RUS"]

1. c4 e5 2. Nc3 Nf6 3. g3 Bb4 4. Bg2 O-O 5. Nf3 Nc6 6. O-O d6 7. d3 h6 8. Bd2
a5 9. a3 Bc5 10. Rb1 Re8 11. Na4 e4 12. dxe4 Nxe4 13. Nxc5 dxc5 14. Be3 Qe7 15.
Nd2 Bf5 16. Nxe4 Bxe4 17. Bxe4 Qxe4 18. Qd5 Nd4 19. Bxd4 Qxd5 20. cxd5 cxd4 21.
Rfd1 Rxe2 22. Rxd4 Rd8 23. b4 axb4 24. Rbxb4 b6 25. Rdc4 Rxd5 26. Rxc7 b5 27.
Rf4 f6 28. Rf3 Re4 29. Rb7 Ra4 30. Re3 Rg5 31. Kf1 Kf8 32. Rd3 Kg8 33. h4 Re5
34. Rdd7 Rg4 35. Rb8+ Kh7 36. Kg2 h5 37. Ra7 f5 38. Ra5 Ra4 39. Rba8 Rae4 40.
Kf3 f4 41. gxf4 Re6 42. Rxb5 Rc4 43. Rxh5+ Kg6 44. f5+  1-0

[Event "M.Chigorin Memorial 2017 "]
[Site "?????-?????????"]
[Date "2017.10.23"]
[Round "3"]
[Board "125"]
[White "Anisimov, Artem"]
[Black "Eryshkanova, Anastasiya"]
[Result "0-1"]
[WhiteElo "1716"]
[BlackElo "2127"]
[PlyCount "52"]
[EventDate "2017.10.21"]
[EventRounds "9"]
[EventCountry "RUS"]

1. d4 e6 2. c4 c5 3. d5 exd5 4. cxd5 d6 5. Nc3 a6 6. a4 g6 7. e4 Bg7 8. Bd3 Ne7
9. Bg5 h6 10. Bh4 O-O 11. Qc2 Nd7 12. f4 Re8 13. O-O-O Qc7 14. Nf3 c4 15. Be2
b5 16. axb5 Qb6 17. Bxc4 axb5 18. Nxb5 Ba6 19. Bf2 Qb8 20. Na3 Rc8 21. Nd2 Bxc4
22. Ndxc4 Rxa3 23. bxa3 Rxc4 24. Rd2 Qb2+ 25. Kd1 Rxc2 26. Rxc2 Qb1+  0-1

[Event "M.Chigorin Memorial 2017 "]
[Site "?????-?????????"]
[Date "2017.10.23"]
[Round "3"]
[Board "126"]
[White "Sakorenko, Adriana"]
[Black "Khalilov, Emin"]
[Result "1-0"]
[WhiteElo "2127"]
[BlackElo "1470"]
[PlyCount "53"]
[EventDate "2017.10.21"]
[EventRounds "9"]
[EventCountry "RUS"]

1. d4 Nf6 2. Bf4 e6 3. e3 d5 4. Nd2 c5 5. c3 Nc6 6. Ngf3 Be7 7. h3 b6 8. Ne5
Nxe5 9. dxe5 Nd7 10. Bd3 Bb7 11. O-O Bg5 12. Bh2 O-O 13. Qg4 Qe7 14. Rad1 Rad8
15. Rfe1 Bh6 16. Bf4 Bxf4 17. exf4 Rfe8 18. Nf3 g6 19. Ng5 a6 20. h4 h5 21. Qg3
Nf8 22. Qh3 Kg7 23. g4 hxg4 24. Qxg4 d4 25. c4 Nd7 26. h5 Rh8 27. Bxg6  1-0

[Event "M.Chigorin Memorial 2017 "]
[Site "?????-?????????"]
[Date "2017.10.23"]
[Round "3"]
[Board "127"]
[White "Aliyev, Ravan"]
[Black "Kairbekova, Amina"]
[Result "1-0"]
[WhiteElo "2341"]
[BlackElo "1916"]
[PlyCount "71"]
[EventDate "2017.10.21"]
[EventRounds "9"]
[EventCountry "RUS"]

1. d4 Nf6 2. c4 c5 3. d5 b5 4. cxb5 a6 5. bxa6 g6 6. Nc3 Bg7 7. Nf3 O-O 8. e4
Qa5 9. Bd2 Bxa6 10. Bxa6 Qxa6 11. Qe2 d6 12. Bg5 Qxe2+ 13. Kxe2 Na6 14. Nd2
Rfb8 15. Nc4 Rb4 16. Bxf6 Bxf6 17. Kd3 Rb7 18. a3 Nb8 19. f4 Nd7 20. Rhe1 Bd4
21. Rab1 Nb6 22. e5 dxe5 23. fxe5 Na4 24. Nxa4 Rxa4 25. b4 Rd7 26. d6 exd6 27.
exd6 Rd8 28. b5 Bg7 29. b6 Raa8 30. b7 Rab8 31. a4 Bf8 32. Rb6 Rd7 33. Reb1 Be7
34. a5 Bd8 35. a6 Bxb6 36. Rxb6  1-0

[Event "M.Chigorin Memorial 2017 "]
[Site "?????-?????????"]
[Date "2017.10.23"]
[Round "3"]
[Board "128"]
[White "Makarian, Rudik"]
[Black "Kamalidenova, Meruert"]
[Result "1/2-1/2"]
[WhiteElo "2263"]
[BlackElo "1897"]
[PlyCount "127"]
[EventDate "2017.10.21"]
[EventRounds "9"]
[EventCountry "RUS"]

1. Nf3 Nf6 2. c4 g6 3. d4 Bg7 4. Nc3 O-O 5. e4 d6 6. h3 e5 7. d5 a5 8. Bg5 Na6
9. Be2 Nc5 10. Nd2 Bd7 11. Qc2 h6 12. Be3 Nh7 13. g4 f5 14. gxf5 gxf5 15. O-O-O
f4 16. Bxc5 dxc5 17. Bg4 Bxg4 18. hxg4 Ng5 19. Qd3 a4 20. Nf3 Nxf3 21. Qxf3 a3
22. b3 Rf6 23. g5 hxg5 24. Qg4 Rg6 25. Rh5 Raa6 26. Rdh1 Bh6 27. f3 Kg7 28. Nb5
c6 29. Rxh6 Rxh6 30. Rxh6 Kxh6 31. Qe6+ Kh5 32. Nd6 cxd5 33. Qh3+ Kg6 34. Qf5+
Kg7 35. Qf7+ Kh8 36. Qh5+ Kg7 37. Nf5+ Kg8 38. cxd5 b5 39. Kc2 Rb6 40. Nh6+ Kg7
41. Nf5+ Kg8 42. Qg4 Rg6 43. Qg1 Qb6 44. Ne7+ Kf7 45. Nxg6 Kxg6 46. b4 Kf6 47.
Qh1 Kg6 48. Qg1 Kf6 49. Qh2 Kg6 50. Qf2 Kf6 51. Qg1 Qc7 52. bxc5 Qa7 53. Qg4
Qxc5+ 54. Kd2 Qd4+ 55. Ke2 Qc4+ 56. Ke1 Qc1+ 57. Kf2 Qd2+ 58. Kf1 Qd1+ 59. Kf2
Qd2+ 60. Kf1 Qd3+ 61. Kf2 Qc2+ 62. Kf1 Qb1+ 63. Kg2 Qxa2+ 64. Kh3  1/2-1/2

[Event "M.Chigorin Memorial 2017 "]
[Site "?????-?????????"]
[Date "2017.10.23"]
[Round "3"]
[Board "129"]
[White "Bulsoev, Alexander"]
[Black "Yeritsyan, Hayk"]
[Result "0-1"]
[WhiteElo "1853"]
[BlackElo "2105"]
[PlyCount "82"]
[EventDate "2017.10.21"]
[EventRounds "9"]
[EventCountry "RUS"]

1. e4 c5 2. Nc3 Nc6 3. d3 g6 4. Be3 d6 5. d4 cxd4 6. Bxd4 Nf6 7. Bxf6 exf6 8.
Qd2 Bg7 9. O-O-O O-O 10. Bb5 Qa5 11. Nge2 Rd8 12. Kb1 Be6 13. a3 a6 14. Bxc6
bxc6 15. Nd4 Rab8 16. Kc1 Rb6 17. Nb1 Qc5 18. Nc3 Rdb8 19. b4 Qc4 20. Nxe6 fxe6
21. Qd3 Bh6+ 22. Kb2 Rxb4+ 23. Ka1 Qxd3 24. Rxd3 Rc4 25. Rb1 Rxb1+ 26. Kxb1 Bf4
27. Kb2 Be5 28. Re3 d5 29. Kb3 Rxc3+ 30. Rxc3 Bxc3 31. Kxc3 c5 32. Kd3 Kf7 33.
c4 d4 34. a4 g5 35. h3 Ke7 36. e5 f5 37. g3 Kf7 38. Ke2 Kg6 39. Kd3 h5 40. f4
h4 41. gxh4 gxf4  0-1

[Event "M.Chigorin Memorial 2017 "]
[Site "?????-?????????"]
[Date "2017.10.23"]
[Round "3"]
[Board "131"]
[White "Strybuk, Artsiom I"]
[Black "Pshmahov, Osman"]
[Result "0-1"]
[WhiteElo "1834"]
[BlackElo "2095"]
[PlyCount "110"]
[EventDate "2017.10.21"]
[EventRounds "9"]
[EventCountry "RUS"]

1. e4 e6 2. d4 b6 3. Be3 Bb7 4. f3 d5 5. e5 Nd7 6. Bd3 c5 7. c3 f5 8. Nh3 c4 9.
Bc2 b5 10. O-O Qb6 11. Qe2 Be7 12. Nd2 O-O-O 13. Rfb1 Qc6 14. b3 Ba3 15. bxc4
dxc4 16. Nf1 Ne7 17. Bc1 Bxc1 18. Rxc1 Nd5 19. Qd2 h6 20. a4 a6 21. axb5 axb5
22. Nf4 Nxf4 23. Qxf4 g5 24. Qd2 Nxe5 25. Rcb1 g4 26. f4 Ng6 27. Ra5 Rd5 28.
Ne3 Rhd8 29. Nxd5 Rxd5 30. Ra2 h5 31. Bd1 Qd6 32. g3 Qc6 33. Rab2 Rd7 34. Qe3
Qh1+ 35. Kf2 h4 36. gxh4 Qxh2+ 37. Kf1 Qxh4 38. Rxb5 Qh1+ 39. Ke2 Qh2+ 40. Ke1
Nxf4 41. R1b2 Nd3+ 42. Qxd3 Qh4+ 43. Kd2 cxd3 44. Rc5+ Kd8 45. Kxd3 g3 46. Ba4
Qe4+ 47. Kc4 Rc7 48. Rb6 Bd5+ 49. Kb4 Qb1+ 50. Ka5 Ra7+ 51. Ra6 Rxa6+ 52. Kxa6
Qb7+ 53. Ka5 g2 54. c4 g1=Q 55. cxd5 Qe1+  0-1

[Event "M.Chigorin Memorial 2017 "]
[Site "?????-?????????"]
[Date "2017.10.23"]
[Round "3"]
[Board "132"]
[White "Shakhmatov, Roman"]
[Black "Petrochenko, Maria"]
[Result "0-1"]
[WhiteElo "1787"]
[BlackElo "2093"]
[PlyCount "102"]
[EventDate "2017.10.21"]
[EventRounds "9"]
[EventCountry "RUS"]

1. e4 d5 2. exd5 Qxd5 3. Nc3 Qa5 4. d4 Nf6 5. Nf3 Bg4 6. h3 Bxf3 7. Qxf3 c6 8.
Bc4 e6 9. O-O Bd6 10. Ne4 Nxe4 11. Qxe4 Nd7 12. c3 Nf6 13. Qe2 O-O 14. Be3 Qc7
15. Rad1 a6 16. Bb3 Rac8 17. Qd3 c5 18. dxc5 Bxc5 19. Bxc5 Qxc5 20. Rd2 Qc6 21.
Rfd1 Ne4 22. Bc2 f5 23. Re2 Qb6 24. Qf3 Ng5 25. Qf4 Nf7 26. Bb3 Rce8 27. Rde1
Nd8 28. Rd1 Kh8 29. Rd7 Nf7 30. Qf3 Qb5 31. Rc7 Ng5 32. Qe3 Ne4 33. Bc4 Qa5 34.
Rd7 Qa4 35. Qd4 e5 36. b3 Qc6 37. Qd5 Nxc3 38. Qxc6 Nxe2+ 39. Bxe2 bxc6 40.
Bxa6 Ra8 41. Bb7 Rxa2 42. Bxc6 Ra1+ 43. Kh2 Rb1 44. Rb7 e4 45. b4 Rf1 46. f3 e3
47. Re7 f4 48. h4 Rb1 49. b5 Rd8 50. Bd7 g6 51. Kh3 e2  0-1

[Event "M.Chigorin Memorial 2017 "]
[Site "?????-?????????"]
[Date "2017.10.23"]
[Round "3"]
[Board "133"]
[White "Gurjevskoy, Denis"]
[Black "Sokolov, Ilia"]
[Result "1-0"]
[WhiteElo "2089"]
[BlackElo "1909"]
[PlyCount "67"]
[EventDate "2017.10.21"]
[EventRounds "9"]
[EventCountry "RUS"]

1. e4 e6 2. d4 d5 3. e5 c5 4. c3 Qb6 5. Nf3 Nc6 6. a3 Nh6 7. b4 cxd4 8. cxd4
Nf5 9. Be3 Bd7 10. Be2 Nxe3 11. fxe3 g6 12. O-O Bh6 13. Qd3 O-O 14. g4 a6 15.
Nc3 Na7 16. h4 Rac8 17. Nh2 Nb5 18. Na4 Qa7 19. Nc5 b6 20. Nxd7 Qxd7 21. g5 Bg7
22. Ng4 Rc3 23. Qd2 Rfc8 24. a4 Na3 25. Bxa6 R8c7 26. Rfc1 Rxc1+ 27. Rxc1 Rxc1+
28. Qxc1 Qxa4 29. Qc8+ Bf8 30. Nh6+ Kg7 31. Qd8 Qd1+ 32. Kf2 Qd2+ 33. Be2 Nc4
34. Qf6#  1-0

[Event "M.Chigorin Memorial 2017 "]
[Site "?????-?????????"]
[Date "2017.10.23"]
[Round "3"]
[Board "134"]
[White "Ponomarev, Denis"]
[Black "Orlov, Alexandr"]
[Result "1-0"]
[WhiteElo "1811"]
[BlackElo "2075"]
[PlyCount "73"]
[EventDate "2017.10.21"]
[EventRounds "9"]
[EventCountry "RUS"]

1. e4 c5 2. Nf3 e6 3. d4 cxd4 4. Nxd4 a6 5. Nc3 Qc7 6. Be2 Nf6 7. O-O Be7 8.
Be3 O-O 9. f4 d6 10. Bf3 Nbd7 11. Kh1 Rb8 12. a4 b6 13. e5 dxe5 14. Nc6 Bd6 15.
Nxb8 Qxb8 16. fxe5 Nxe5 17. Bg5 Nxf3 18. Qxf3 Bb7 19. Qh3 Ne4 20. Nxe4 Bxe4 21.
c3 f5 22. Rad1 Qc7 23. Rd2 Qc4 24. Rfd1 Bd5 25. Rd4 Qe2 26. c4 Bc5 27. cxd5
Bxd4 28. Qb3 Qxb2 29. Qxb2 Bxb2 30. Be7 exd5 31. Bxf8 Kxf8 32. Rxd5 g6 33. Rd6
b5 34. a5 Be5 35. Rxa6 b4 36. Rb6 Bc7 37. Rb5  1-0

[Event "M.Chigorin Memorial 2017 "]
[Site "?????-?????????"]
[Date "2017.10.23"]
[Round "3"]
[Board "135"]
[White "Tskhadadze, Anna"]
[Black "Ashid, Tsetsegulzii"]
[Result "0-1"]
[WhiteElo "2073"]
[BlackElo "1892"]
[PlyCount "78"]
[EventDate "2017.10.21"]
[EventRounds "9"]
[EventCountry "RUS"]

1. d4 d5 2. Bf4 Nf6 3. e3 c5 4. c3 Nc6 5. Nd2 Bf5 6. Be2 e6 7. Ngf3 Qb6 8. Qc1
Rc8 9. O-O h6 10. h3 Be7 11. dxc5 Bxc5 12. Nb3 Be7 13. Nbd4 Bh7 14. Nxc6 bxc6
15. Ne5 O-O 16. Bd3 Bxd3 17. Nxd3 Nd7 18. Qd1 Nc5 19. Ne5 Qxb2 20. Qg4 Bf6 21.
Nf3 Nd3 22. Rab1 Qc2 23. Bg3 Qxc3 24. Rb7 a5 25. Qh5 Qc4 26. Bd6 Qa6 27. Rfb1
Nb4 28. Rd7 Rcd8 29. Bxf8 Rxd7 30. Bxb4 Rb7 31. Qg4 c5 32. e4 dxe4 33. Nd2 Rxb4
34. Rxb4 axb4 35. Nxe4 Bd4 36. Qf4 Qxa2 37. Qb8+ Kh7 38. Qb7 b3 39. Qxf7 Qb1+
 0-1

[Event "M.Chigorin Memorial 2017 "]
[Site "?????-?????????"]
[Date "2017.10.23"]
[Round "3"]
[Board "136"]
[White "Myshkovskiy, Sviatoslav"]
[Black "Smorodkin, Kirill"]
[Result "1-0"]
[WhiteElo "2062"]
[BlackElo "1769"]
[PlyCount "65"]
[EventDate "2017.10.21"]
[EventRounds "9"]
[EventCountry "RUS"]

1. d4 d5 2. Nf3 Nf6 3. c4 c6 4. Nc3 dxc4 5. a4 Bf5 6. Nh4 Bg6 7. Nxg6 hxg6 8.
e4 e6 9. Bxc4 Be7 10. O-O O-O 11. Be3 Nbd7 12. f4 Nb6 13. Bb3 a5 14. Qf3 Re8
15. Kh1 Nbd7 16. Ba2 Rb8 17. g4 Rf8 18. f5 gxf5 19. gxf5 exf5 20. Qxf5 Nb6 21.
Rg1 Qd7 22. Qg6 Ne8 23. Raf1 Bd8 24. Bh6 Nd5 25. exd5 fxg6 26. dxc6+ Qf7 27.
Rxf7 Rxf7 28. Bf4 Bc7 29. Bxc7 Nxc7 30. Rf1 Rbf8 31. cxb7 Na6 32. Ne4 Nb8 33.
Ng5  1-0

[Event "M.Chigorin Memorial 2017 "]
[Site "?????-?????????"]
[Date "2017.10.23"]
[Round "3"]
[Board "137"]
[White "Yarosh, Ruslan"]
[Black "Patarin, Arnaud"]
[Result "1/2-1/2"]
[WhiteElo "2019"]
[BlackElo "1766"]
[PlyCount "96"]
[EventDate "2017.10.21"]
[EventRounds "9"]
[EventCountry "RUS"]

1. e4 c5 2. Nf3 g6 3. d4 cxd4 4. Nxd4 Bg7 5. c4 Nc6 6. Be3 d6 7. Nc3 Nf6 8. Be2
O-O 9. O-O Bd7 10. Nb3 b6 11. Rc1 Rc8 12. f4 Qc7 13. g4 Na5 14. Nxa5 bxa5 15.
g5 Ne8 16. Nd5 Qd8 17. Bxa7 Bc6 18. Bb6 Qd7 19. Bg4 e6 20. Bd4 Bxd5 21. exd5
Qe7 22. Re1 Nc7 23. Bxg7 Kxg7 24. Qd4+ Kg8 25. Rc3 Rce8 26. h4 e5 27. fxe5 dxe5
28. Qd2 Qc5+ 29. Qe3 Qb4 30. Qe2 f5 31. gxf6 Rxf6 32. Rf1 Rf4 33. Bd7 Ref8 34.
Rxf4 Rxf4 35. Qxe5 Qc5+ 36. Qe3 Qf8 37. Rc2 Rf3 38. Be6+ Nxe6 39. Qxe6+ Kg7 40.
Qe5+ Kh6 41. Kg2 Rf4 42. Qg5+ Kg7 43. Re2 Rxc4 44. Qe7+ Qxe7 45. Rxe7+ Kf6 46.
Ra7 Rxh4 47. Rxa5 Rd4 48. Kg3 Ke5  1/2-1/2

[Event "M.Chigorin Memorial 2017 "]
[Site "?????-?????????"]
[Date "2017.10.23"]
[Round "3"]
[Board "138"]
[White "Misyura, Ilya"]
[Black "Terzyan, Nazar"]
[Result "1-0"]
[WhiteElo "1974"]
[BlackElo "1717"]
[PlyCount "87"]
[EventDate "2017.10.21"]
[EventRounds "9"]
[EventCountry "RUS"]

1. d4 Nf6 2. c4 e6 3. Nc3 d5 4. cxd5 exd5 5. Bg5 Be7 6. e3 c6 7. Qc2 O-O 8. Bd3
Nbd7 9. Nf3 Re8 10. O-O Nf8 11. Rab1 Ne4 12. Bxe7 Qxe7 13. b4 Bf5 14. Ne2 Bg6
15. Nf4 Nd6 16. Nxg6 hxg6 17. b5 Rac8 18. bxc6 bxc6 19. Rfc1 Nd7 20. Ba6 Rc7
21. a4 Nb8 22. Bd3 Nd7 23. a5 c5 24. dxc5 Rxc5 25. Qa2 Rxc1+ 26. Rxc1 Nf6 27.
Qc2 Qd7 28. Ba6 Nfe4 29. Nd4 Ng5 30. Qc7 Qxc7 31. Rxc7 Rb8 32. h4 Nge4 33. f3
Nd2 34. Rxa7 Rb1+ 35. Kf2 Ra1 36. Be2 Ra2 37. a6 N2c4 38. Ra8+ Kh7 39. a7 Nf5
40. Nc6 Ncxe3 41. Rb8 Nd1+ 42. Ke1 Nc3 43. a8=Q Rxe2+ 44. Kf1  1-0

[Event "M.Chigorin Memorial 2017 "]
[Site "?????-?????????"]
[Date "2017.10.23"]
[Round "3"]
[Board "139"]
[White "Efremov, Vladislav"]
[Black "Astakhov, Dmitrii"]
[Result "1-0"]
[WhiteElo "1953"]
[BlackElo "1490"]
[PlyCount "101"]
[EventDate "2017.10.21"]
[EventRounds "9"]
[EventCountry "RUS"]

1. d4 d5 2. c4 c6 3. e3 Nf6 4. Nf3 a6 5. Bd3 Bg4 6. Nbd2 e6 7. O-O Nbd7 8. b3
Be7 9. Bb2 O-O 10. Qc2 Bxf3 11. Nxf3 h6 12. Rfd1 Rc8 13. c5 Qc7 14. b4 Ra8 15.
a4 Rfb8 16. b5 axb5 17. axb5 Qc8 18. b6 Rxa1 19. Rxa1 Ra8 20. Nd2 Rxa1+ 21.
Bxa1 Qa8 22. Nb3 Qa4 23. Bc3 e5 24. Na5 Qxc2 25. Bxc2 exd4 26. exd4 Nxc5 27.
dxc5 Bxc5 28. Nxb7 Bxb6 29. Bb4 Ne4 30. Bxe4 dxe4 31. Kf1 f5 32. Nd6 g6 33. Nc8
c5 34. Ba3 Bc7 35. Bxc5 Kf7 36. Bd6 Bd8 37. Na7 Ke6 38. Nb5 Kd5 39. Bf8 h5 40.
Nc3+ Kc4 41. Ne2 g5 42. Ng3 f4 43. Nxe4 Kd4 44. f3 g4 45. Bc5+ Ke5 46. Bd6+ Kf5
47. Nf2 Bg5 48. h3 g3 49. Nd3 h4 50. Ke2 Bh6 51. Be7  1-0

[Event "M.Chigorin Memorial 2017 "]
[Site "?????-?????????"]
[Date "2017.10.23"]
[Round "3"]
[Board "140"]
[White "Kozyakov, Andrey"]
[Black "Klevets, Ksenia"]
[Result "1-0"]
[WhiteElo "1727"]
[BlackElo "1948"]
[PlyCount "105"]
[EventDate "2017.10.21"]
[EventRounds "9"]
[EventCountry "RUS"]

1. e4 c5 2. Nf3 Nc6 3. d4 cxd4 4. Nxd4 g6 5. c4 Nf6 6. Nc3 Nxd4 7. Qxd4 d6 8.
Bg5 Bg7 9. Qd2 O-O 10. Bd3 Re8 11. O-O Be6 12. Rab1 Nd7 13. b3 Nc5 14. Bc2 a5
15. f4 Qb6 16. Rf2 Qb4 17. Nd5 Qxd2 18. Rxd2 Bxd5 19. exd5 f6 20. Bh4 Bh6 21.
Rf1 Rab8 22. Re2 b5 23. cxb5 Rxb5 24. Bxf6 Kf7 25. Bg5 Bxg5 26. fxg5+ Kg7 27.
Rf4 Rb4 28. Ref2 Rxf4 29. Rxf4 Rb8 30. Kf2 Rb5 31. Rd4 Kf7 32. Bd3 Nxd3+ 33.
Rxd3 Rc5 34. Ke3 e5 35. dxe6+ Kxe6 36. h4 Rc1 37. Rd2 Rc3+ 38. Kd4 Rc5 39. Re2+
Kd7 40. Rf2 Ke7 41. a3 Rb5 42. Rb2 Rf5 43. b4 axb4 44. axb4 Kd7 45. g3 Kc6 46.
Ra2 Rf3 47. Rc2+ Kd7 48. Rc3 Rf5 49. Ra3 Kc6 50. Ra6+ Kb5 51. Ra5+ Kxb4 52.
Rxf5 gxf5 53. h5  1-0